Geography Quiz

Random Geography or World Quiz

Bullseye Blitz: Geography! Quiz Stats

 Plays Quiz Updated Mar 25, 2018

Challenge
Share
Tweet
Score 0/48 Timer 04:00
32 Plays Today
% Correct
Arabic
97%
English
96.9%
Spanish
95.2%
New Jersey
93.6%
Connecticut
92.8%
Delaware
92.4%
Mandarin Chinese
91.4%
Rhode Island
90.4%
London
90.2%
Libya
83.7%
Sudan
81.5%
Lake Huron
79.4%
Corsica
79.3%
Lake Victoria
78.5%
Cyprus
78.3%
Jackson
78%
Tallahassee
76.3%
San Marino
75.8%
Nunavut
75.8%
Nova Scotia
75.5%
Vatican City
75.5%
D.R.C.
73.3%
Lake Superior
72.8%
Edinburgh
72.3%
% Correct
Baton Rouge
71.5%
Belize
71.1%
Malta
69.9%
Quebec
69%
Estonia
68.2%
Austin
67.5%
Georgia
66.4%
Sardinia
66.3%
Cardiff
66.2%
Barbados
65.9%
Algeria
62.9%
The Bahamas
62.9%
Monaco
62.4%
Latvia
61.7%
Belfast
61.6%
Sicily
61.5%
Newfoundland & Labrador
56%
Lithuania
55.5%
Antigua and Barbuda
55%
Addis Ababa, Ethiopia
48.5%
Bogotá, Colombia
48.2%
Quito, Ecuador
46.5%
Caspian Sea
39.6%
La Paz, Bolivia
39.1%

You're not logged in!

Compare scores with friends on all Sporcle quizzes.
Join for Free
OR
Log In

You Might Also Like...

Show Comments

Extras

Top Quizzes Today


Score Distribution

Your Account Isn't Verified!

In order to create a playlist on Sporcle, you need to verify the email address you used during registration. Go to your Sporcle Settings to finish the process.

Report this User

Report this user for behavior that violates our Community Guidelines.

Details: